نظم المعلومات المحاسبية / (رقم التسجيلة. 13562)

تفاصيل مارك
000 -الفاتح
حقل البيانات ثابتة الطول 00822nam a22002177a 4500
003 - محدد رقم الضبط
رقم الضبط OSt
005 - وقت وتاريخ اخر تعامل مع التسجيلة
رقم الضبط 20150408113912.0
008 - عناصر البيانات ثابتة الطول - معلومات عامة
حقل البيانات ثابتة الطول 110825s 2011jo a g |||| 00| 0 eng d
040 ## - مصدر الفهرسة
وكالة النسخ دار اجنادين
082 ## - رقم تصنيف ديوى العشرى
رقم الطبعة 21
رقم التصنيف 657.0285
رقم المادة ر ن ن
100 ## - المدخل الرئيسى - إسم شخصى
الإسم الشخصى الرمحي، نضال محمود.
9 (RLIN) 3103
245 ## - بيان العنوان
العنوان نظم المعلومات المحاسبية /
بيان المسئوليه,etc نضال محمود الرمحي، زياد عبدالحليم الذيبة.
250 ## - بيان الطبعة
بيان الطبعة ط. 1.
260 ## - PUBLICATION, DISTRIBUTION, ETC. (IMPRINT)
مكان الناشر او الموزع عمان، الأردن :
اسم الناشر او الموزع دار المسيرة،
تاريخ النشر أو التوزيع 2011
300 ## - الوصف المادى
التعداد 400 ص. :
تفاصيل ماديه اخرى للوعاء أشكال. ؛
أبعاد الوعاء 24 سم.
504 ## - تبصرة ببليوجرافية
تبصرة ببليوجرافية,الخ قائمة ببليوجرافية.
650 ## - المدخل الاضافى بالموضوع-مصطلح موضوعى
مصطلح موضوعي أو اسم جغرافي كعنصر مدخل المحاسبة.
650 ## - المدخل الاضافى بالموضوع-مصطلح موضوعى
9 (RLIN) 3102
مصطلح موضوعي أو اسم جغرافي كعنصر مدخل نظم المعلومات المحاسبية
700 ## - المدخل الاضافى - اسم شخصى
الإسم الشخصى الذيبة، زياد عبدالحليم.
9 (RLIN) 3100
942 ## - عناصر المدخل الإضافي( كوها)
مصدر التصنيف او مخطط الترفيف Dewey Decimal Classification
Koha [default] item type DVD
المقتنيات
حالة الفقد نموذج السعر الفعال حالة تلف ليس للاعارة رقم الطلب تاريخ الاكتساب الموقع الحالي الباركود الفرع الرئيسي Date last seen نوع المادة فى نظام كوها مصدر التصنيف او خطة الترفيف Total Checkouts Date last checked out
  2017-02-26     657.0285 ر ن ن 2017-02-26 المكتبة المركزية بالمجمعة (CL) 00706002 المكتبة المركزية بالمجمعة (CL) 2017-02-26 كتاب Dewey Decimal Classification    
  2017-02-26     657.0285 ر ن ن 2017-02-26 المكتبة المركزية بالمجمعة (CL) 00706003 المكتبة المركزية بالمجمعة (CL) 2017-02-26 كتاب Dewey Decimal Classification    
  2017-02-26     657.0285 ر ن ن 2017-02-26 المكتبة المركزية بالمجمعة (CL) 00706004 المكتبة المركزية بالمجمعة (CL) 2017-02-26 كتاب Dewey Decimal Classification    
  2013-03-10     657.0285 ر ن ن 2011-08-25 قسم الاجراءات الفنية (IC) 00102290 قسم الاجراءات الفنية (IC) 2013-03-10 كتاب Dewey Decimal Classification    
  2013-03-10     657.0285 ر ن ن 2011-08-25 قسم الاجراءات الفنية (IC) 00102291 قسم الاجراءات الفنية (IC) 2013-03-10 كتاب Dewey Decimal Classification    
  2013-03-10     657.0285 ر ن ن 2011-08-25 قسم الاجراءات الفنية (IC) 00102292 قسم الاجراءات الفنية (IC) 2019-10-28 كتاب Dewey Decimal Classification 1 2019-09-16